[Event "COL-ch U20"]
[Site "Cali"]
[Date "2024.03.02"]
[Round "7"]
[White "Cano Alcaraz, Juan Jose"]
[Black "Garzon Camelo, Andres Santiago"]
[Result "1/2-1/2"]
[WhiteElo "1764"]
[BlackElo "2081"]
[PlyCount "44"]
[EventDate "2024.02.28"]
[EventType "swiss"]
[EventRounds "9"]
[EventCountry "COL"]
[SourceTitle "CB11_2024"]
[SourceDate "2024.03.13"]
[SourceVersion "1"]
[SourceVersionDate "2024.03.13"]
[SourceQuality "1"]

1. e4 c5 2. Nf3 d6 3. Bb5+ Bd7 4. Bxd7+ Nxd7 5. c4 Ngf6 6. Nc3 e6 7. d4 cxd4 8. Nxd4 a6 9. b3 Be7 10. 0-0 0-0 11. Be3 Qa5 12. Rc1 Rac8 13. f3 Rfd8 14. Qd2 Bf8 15. Rfd1 h6 16. Bf2 Qh5 17. Nde2 Ne5 18. Nf4 Qg5 19. Kh1 Ng6 20. Be3 Nxf4 21. Bxf4 Qh5 22. Qe2 Qa5 1/2-1/2

[Event "Wch U20 60th"]
[Site "Mexico City"]
[Date "2023.09.29"]
[Round "8"]
[White "Garzon Camelo, Andres Santiago"]
[Black "Royal, Shreyas"]
[Result "0-1"]
[WhiteElo "2144"]
[BlackElo "2407"]
[PlyCount "106"]
[EventDate "2023.09.21"]
[EventType "swiss"]
[EventRounds "11"]
[EventCountry "MEX"]
[SourceTitle "EXT 2024"]
[Source "ChessBase"]
[SourceDate "2023.10.10"]
[SourceVersion "1"]
[SourceVersionDate "2023.10.10"]
[SourceQuality "1"]

1. d4 d5 2. c4 dxc4 3. e3 Nf6 4. Bxc4 e6 5. Nf3 c5 6. 0-0 Nc6 7. dxc5 Qxd1 8. Rxd1 Bxc5 9. a3 0-0 10. b4 Be7 11. Bb2 b6 12. Nbd2 Bb7 13. Nb3 Rfd8 14. b5 Rxd1+ 15. Rxd1 Rd8 16. Rc1 Nb8 17. Nbd4 Nfd7 18. a4 Nc5 19. Ba3 Bf6 20. Bxc5 bxc5 21. Nb3 Rc8 22. a5 Kf8 23. Bd3 Nd7 24. Nfd2 Ke7 25. b6 axb6 26. axb6 Bd5 27. Bb5 Nxb6 28. Rxc5 Rb8 29. Bf1 Nd7 30. Rb5 Rc8 31. e4 Ba8 32. Ra5 g5 33. Ra7 Rb8 34. Nc5 Bc6 35. Nf3 Ke8 36. Nxd7 Bxd7 37. h3 Rb1 38. e5 Bd8 39. Nd2 Re1 40. Nc4 Rxf1+ 41. Kxf1 Bb5 42. Ke2 Bxc4+ 43. Kf3 Bd5+ 44. Kg3 Bb6 45. Ra1 Bc7 46. Re1 f6 47. Kg4 Bxe5 48. g3 Kf7 49. f4 Kg6 50. h4 h5+ 51. Kh3 gxf4 52. gxf4 Bxf4 53. Rf1 Be3 0-1

[Event "Rivera Hernandez Memorial"]
[Site "Rivera Huila"]
[Date "2023.07.20"]
[Round "4"]
[White "Garzon Camelo, Andres Santiago"]
[Black "Torres, Juan Camilo"]
[Result "1/2-1/2"]
[WhiteElo "2074"]
[BlackElo "2316"]
[PlyCount "56"]
[EventDate "2023.07.19"]
[EventType "swiss"]
[EventRounds "10"]
[EventCountry "COL"]
[SourceTitle "CBM 215 Extra"]
[Source "ChessBase"]
[SourceDate "2023.09.30"]
[SourceVersion "1"]
[SourceVersionDate "2023.09.30"]
[SourceQuality "1"]

1. e4 c5 2. c3 d5 3. exd5 Qxd5 4. Nf3 Nf6 5. Na3 e6 6. Bc4 Qd8 7. 0-0 Nc6 8. Nc2 Be7 9. d4 cxd4 10. Ncxd4 Nxd4 11. Nxd4 0-0 12. Bf4 a6 13. Qe2 b5 14. Qf3 Bd7 15. Bb3 Qb6 16. Rad1 e5 17. Bxe5 Bg4 18. Qc6 Qa7 19. Bxf6 Bxf6 20. Nf3 Rac8 21. Qe4 Bh5 22. Qf4 Qc7 23. Qxc7 Rxc7 24. Rd6 a5 25. Rb6 a4 26. Bd1 a3 27. bxa3 Bg6 28. Bb3 Rxc3 1/2-1/2